000 00308 a2200133 4500
001 194776
040 _cMagnum
100 _aBarreto, Lima
240 1 0 _aO triste fim de Policarpo quaresma
_lpor
245 1 0 _aO triste fim de Policarpo quaresma
300 _a104
697 _aLITERATURA GERAL
942 _cBK
999 _c194776
_d194776